| 000 | 00664cam a22002174a 4500 | ||
|---|---|---|---|
| 005 | 20151114085544.0 | ||
| 008 | 020612s2003 maua 001 0 eng | ||
| 020 | _a1405102438 (pbk. : alk. paper) | ||
| 040 |
_aDLC _cDLC _dCo-BoIAvH |
||
| 041 | _aeng | ||
| 044 | _axxk | ||
| 082 | 0 | 0 |
_a570.15195 _bD99c |
| 100 | 1 | _aDytham, Calvin. | |
| 245 | 1 | 0 |
_aChoosing and using statistics : _ba biologist's guide / _cCalvin Dytham. |
| 250 | _a2nd ed. | ||
| 260 |
_aMalden, MA : _bBlackwell Pub., _c2003. |
||
| 300 |
_axiii, 248 páginas. : _bilustraciones. ; _c25 centímetros. |
||
| 650 | 1 | 6 | _aBiometría |
| 650 | 1 | 6 | _aBioestadística |
| 942 |
_2ddc _cLIBRO |
||
| 999 |
_c3739 _d3739 |
||